000 00528nam a22001937a 4500
003 OSt
008 240515b2020 |||||||| |||| 00| 0 eng d
020 _a9789353940355
082 _a658.4022
_bTHO-M
100 _aThompson, Leigh
245 _aMaking the team :
_ba guide for manages /
_cLeigh Thompson.
250 _a6th
260 _aNoida :
_bPearson,
_c2020.
300 _axviii, 459 p. ;
650 _aGeneral Books
650 _aOrganizational effectiveness
650 _aTeams in the workplace
942 _2ddc
_cBK
_01
999 _c20512
_d20512